[Event "III Trofeo Giorgio Porreca"]
[Site "Napoli ITA"]
[Date "2013.10.10"]
[Round "3"]
[White "Baccelliere, Antonio"]
[Black "Auletta, Angelo"]
[WhiteElo "1607"]
[BlackElo "2150"]
[Result "0-1"]
[PlyCount "64"]
[EventDate "2013.09.26"]

1. e4 c5 2. Nf3 d6 3. d4 cxd4 4. Nxd4 Nf6 5. Nc3 e6 6. Bb5+ Nbd7 7. O-O Be7 8.
Re1 O-O 9. Be3 a6 10. Bc4 Ne5 11. Bd3 Qc7 12. Nf3 b5 13. Nxe5 dxe5 14. a3 Bb7
15. f3 Nd7 16. Qe2 f5 17. Bd2 f4 18. Red1 Bc5+ 19. Kf1 Bd4 20. Rab1 Nc5 21. Na2
Nxd3 22. Qxd3 Rfd8 23. Qb3 Qb6 24. Be1 a5 25. c3 Be3 26. Qc2 b4 27. axb4 Ba6+
28. c4 Qc6 29. b3 a4 30. b5 Bxb5 31. Rxd8+ Rxd8 32. Nb4 axb3 0-1

[Event "III Trofeo Giorgio Porreca"]
[Site "Napoli ITA"]
[Date "2013.10.10"]
[Round "3"]
[White "Buiano, Fabio"]
[Black "Radice, Mario"]
[WhiteElo "2024"]
[BlackElo "1911"]
[Result "1-0"]
[PlyCount "103"]
[EventDate "2013.09.26"]

1. e4 e5 2. Nf3 Nf6 3. Nxe5 d6 4. Nf3 Nxe4 5. Nc3 Nxc3 6. dxc3 Be7 7. Be3 Nd7
8. Qd2 Nc5 9. O-O-O Bf5 10. Nd4 Bg6 11. Re1 O-O 12. g3 c6 13. h4 h6 14. h5 Bh7
15. Bh3 Ne4 16. Qd1 Bg5 17. f4 Bf6 18. Rhg1 Qa5 19. Kb1 Rfe8 20. Nb3 Nxc3+ 21.
bxc3 Qxc3 22. Qc1 a5 23. Bd2 Rxe1 24. Bxe1 Qc4 25. Bf1 Qd5 26. Qd2 Qxh5 27. g4
Qd5 28. Qxd5 cxd5 29. f5 a4 30. Nc1 Kf8 31. Bd3 Bd4 32. Rg2 f6 33. Ne2 Be5 34.
Bf2 Bg8 35. Nd4 Ke7 36. Bb5 Bf7 37. c3 Ra5 38. Bd3 Ra8 39. Kc2 Rc8 40. Rg1 Be8
41. Rb1 Rc7 42. Rb4 Bd7 43. Be3 Kd8 44. Kd2 Kc8 45. Bc2 Rc4 46. Rb1 Rc7 47. Bd3
Rc5 48. Ke2 Kc7 49. Ne6+ Bxe6 50. Bxc5 dxc5 51. fxe6 Bd6 52. Kf3 1-0

[Event "III Trofeo Giorgio Porreca"]
[Site "Napoli ITA"]
[Date "2013.10.10"]
[Round "3"]
[White "Cocchia, Umberto"]
[Black "Supino, Domenico"]
[WhiteElo "1859"]
[BlackElo "2083"]
[Result "0-1"]
[PlyCount "40"]
[EventDate "2013.09.26"]

1. e4 c5 2. Nf3 Nc6 3. d4 cxd4 4. Nxd4 e5 5. Nb5 a6 6. Nd6+ Bxd6 7. Qxd6 Qf6 8.
Qd1 Qg6 9. Nc3 Nge7 10. Be3 d5 11. Nxd5 Nxd5 12. Qxd5 Be6 13. Qc5 Qxe4 14.
O-O-O Nb4 15. f3 Nxa2+ 16. Kb1 Qa4 17. Bg5 f6 18. Rd6 Bf7 19. Bxa6 bxa6 20. Re1
O-O 0-1

[Event "III Trofeo Giorgio Porreca"]
[Site "Napoli ITA"]
[Date "2013.10.10"]
[Round "3"]
[White "Di Gennaro, Antonio"]
[Black "Gallo, Thomas Renato"]
[WhiteElo "1667"]
[BlackElo "1911"]
[Result "0-1"]
[PlyCount "130"]
[EventDate "2013.09.26"]

1. e4 Nf6 2. e5 Nd5 3. d4 d6 4. c4 Nb6 5. exd6 exd6 6. Nc3 Nc6 7. Be3 g6 8. Nf3
Bg7 9. h3 O-O 10. Qd2 Re8 11. O-O-O d5 12. c5 Nc4 13. Bxc4 dxc4 14. Bg5 f6 15.
Bf4 Bf5 16. g4 Bd3 17. d5 Ne5 18. Ne1 Qe7 19. Bxe5 fxe5 20. Nxd3 cxd3 21. Ne4
b6 22. c6 a5 23. a3 a4 24. Qxd3 Bh6+ 25. Kb1 Red8 26. Qc4 Kh8 27. Rd3 Qh4 28.
Rhd1 Bf8 29. Rf3 Bd6 30. Qe2 Qe7 31. Qd2 Rf8 32. Rxf8+ Rxf8 33. Qe2 Rf4 34. Rd3
Qf8 35. Re3 h6 36. Nxd6 Rxf2 37. Qa6 Qxd6 38. Qc8+ Rf8 39. Qd7 Qxd7 40. cxd7
Rd8 41. Rxe5 Rxd7 42. Kc2 Kg7 43. Kc3 Kf7 44. Kc4 Rd6 45. Re2 Rf6 46. Kb5 Rd6
47. Rd2 Kf6 48. Kxa4 Ke5 49. Kb5 Rxd5+ 50. Rxd5+ Kxd5 51. b4 Kd6 52. Kc4 Kc6
53. Kc3 b5 54. Kd2 Kd6 55. Kc3 Ke5 56. Kd3 Kd5 57. Kc3 Ke4 58. Kc2 Kf3 59. Kc3
Kg3 60. Kd4 Kxh3 61. Kc5 Kxg4 62. Kxb5 h5 63. a4 h4 64. a5 h3 65. Kc6 h2 0-1

[Event "III Trofeo Giorgio Porreca"]
[Site "Napoli ITA"]
[Date "2013.10.10"]
[Round "3"]
[White "Esposito, Pino"]
[Black "Miccoli, Livio"]
[WhiteElo "1768"]
[BlackElo "1610"]
[Result "1-0"]
[PlyCount "67"]
[EventDate "2013.09.26"]

1. e4 e6 2. d4 d5 3. Nd2 Nf6 4. e5 Nfd7 5. Bd3 c5 6. c3 Nc6 7. Ne2 Qb6 8. Nf3
cxd4 9. cxd4 Be7 10. O-O O-O 11. a3 f5 12. exf6 Nxf6 13. Re1 Bd6 14. Nf4 Re8
15. b4 Qc7 16. g3 e5 17. dxe5 Nxe5 18. Bb2 Nxd3 19. Rxe8+ Nxe8 20. Nxd3 Bg4 21.
Nde5 Bxe5 22. Qxd5+ Kh8 23. Nxe5 Bh5 24. Rc1 Qe7 25. g4 Nf6 26. Qc4 Be8 27. Re1
Qf8 28. Qe6 Rd8 29. g5 Rd6 30. Qf5 Nd7 31. Nxd7 Qg8 32. Nf6 gxf6 33. Bxf6+ Rxf6
34. Qxf6+ 1-0

[Event "III Trofeo Giorgio Porreca"]
[Site "Napoli ITA"]
[Date "2013.10.10"]
[Round "3"]
[White "Lombardo, Claudio"]
[Black "Freda, Guido"]
[WhiteElo "1838"]
[BlackElo "1416"]
[Result "1/2-1/2"]
[PlyCount "103"]
[EventDate "2013.09.26"]

1. d4 d5 2. Nf3 Nf6 3. c4 e6 4. Nc3 dxc4 5. e3 Bb4 6. Bxc4 Nc6 7. O-O O-O 8.
Qc2 Bxc3 9. bxc3 Re8 10. Rd1 b6 11. Bb5 Qd6 12. a4 Bd7 13. Ba3 Qd5 14. c4 Qh5
15. d5 Ne5 16. Nxe5 Bxb5 17. cxb5 Qxe5 18. Bb2 Qe4 19. Qxe4 Nxe4 20. f3 Nc5 21.
Bd4 Nb3 22. Rab1 Nxd4 23. Rxd4 exd5 24. Rxd5 Rxe3 25. Rc1 Re7 26. Rcd1 g6 27.
Rd8+ Rxd8 28. Rxd8+ Kg7 29. Ra8 c6 30. bxc6 Rc7 31. Kf2 a5 32. Rb8 Rxc6 33. Ke3
Rc3+ 34. Kd4 Ra3 35. Rxb6 Rxa4+ 36. Kc3 Ra2 37. Rb2 Rxb2 38. Kxb2 f5 39. Ka3
Kf6 40. Ka4 Ke5 41. Kxa5 Kf4 42. Kb4 h5 43. Kc4 Ke3 44. Kd5 Kf2 45. g4 h4 46.
gxf5 gxf5 47. Ke5 Kg2 48. Kxf5 Kxf3 49. Ke5 Kg2 50. Kf4 h3 51. Ke3 Kxh2 52. Kf2
1/2-1/2

[Event "III Trofeo Giorgio Porreca"]
[Site "Napoli ITA"]
[Date "2013.10.10"]
[Round "3"]
[White "Messina, Enrico"]
[Black "Esposito, Luca"]
[WhiteElo "2216"]
[BlackElo "2274"]
[Result "1-0"]
[PlyCount "53"]
[EventDate "2013.09.26"]

1. e4 c5 2. d4 cxd4 3. c3 dxc3 4. Nxc3 Nc6 5. Bc4 e6 6. Nf3 a6 7. O-O Nge7 8.
Bg5 h6 9. Be3 Ng6 10. Bb3 Bb4 11. Nd5 exd5 12. exd5 Nce7 13. d6 Nc6 14. a3 Ba5
15. Qd3 Qf6 16. Qe4+ Nge5 17. Bf4 Qg6 18. Qe3 O-O 19. Nxe5 Nxe5 20. Qxe5 Bd8
21. Qd5 Rb8 22. Qf3 b5 23. Bd5 Bg5 24. Bg3 Qf6 25. Qe4 Qxb2 26. Be5 Qd2 27. Qg6
1-0

[Event "III Trofeo Giorgio Porreca"]
[Site "Napoli ITA"]
[Date "2013.10.10"]
[Round "3"]
[White "Pellegrino, Carlo"]
[Black "Greco, Aniello"]
[WhiteElo "1446"]
[BlackElo "1572"]
[Result "1/2-1/2"]
[PlyCount "57"]
[EventDate "2013.09.26"]

1. d4 g6 2. e4 d6 3. Nf3 Bg7 4. c3 Nf6 5. Nbd2 O-O 6. Bd3 Nbd7 7. O-O e5 8. Re1
c6 9. a4 Qc7 10. b3 Re8 11. Bf1 d5 12. Ba3 b6 13. Rc1 Bb7 14. b4 exd4 15. Nxd4
Nxe4 16. Nxe4 Rxe4 17. Rxe4 dxe4 18. Qg4 Nf6 19. Qh4 Qe5 20. Re1 c5 21. bxc5
bxc5 22. Ne2 Nh5 23. g4 Bf6 24. Qh3 Qg5 25. Bc1 e3 26. Bxe3 Qd5 27. Bg2 Qxg2+
28. Qxg2 Bxg2 29. Kxg2 1/2-1/2

[Event "III Trofeo Giorgio Porreca"]
[Site "Napoli ITA"]
[Date "2013.10.10"]
[Round "3"]
[White "Pellegrino, Giovanni"]
[Black "Somma, Erminio"]
[WhiteElo "1416"]
[BlackElo "1527"]
[Result "0-1"]
[PlyCount "64"]
[EventDate "2013.09.26"]

1. d4 f5 2. g3 g6 3. Bg2 Bg7 4. Nf3 Nf6 5. O-O O-O 6. Bf4 d6 7. Nc3 Qe8 8. Nb5
Qxb5 9. Re1 Ne4 10. Bg5 Nxg5 11. Nxg5 e5 12. dxe5 Qxe5 13. Bd5+ Kh8 14. Nf7+
Rxf7 15. Bxf7 Be6 16. Bxe6 Qxe6 17. c3 f4 18. Qd2 fxg3 19. hxg3 Nd7 20. Qd3 Ne5
21. Qe4 d5 22. Qb4 b6 23. Rad1 c6 24. Qf4 Rf8 25. Qa4 a5 26. Kg2 Ng4 27. Rd4
Rxf2+ 28. Kg1 Qe3 29. Rxg4 Rf4+ 30. Kg2 Qf2+ 31. Kh3 Rxa4 32. Rxa4 Qxe1 0-1

[Event "III Trofeo Giorgio Porreca"]
[Site "Napoli ITA"]
[Date "2013.10.10"]
[Round "3"]
[White "Seletsky, Grigory"]
[Black "Lettieri, Giuseppe"]
[WhiteElo "2304"]
[BlackElo "2395"]
[Result "1/2-1/2"]
[PlyCount "89"]
[EventDate "2013.09.26"]

1. e4 c5 2. Nf3 d6 3. c3 Nf6 4. Bd3 g6 5. Bc2 Bg7 6. h3 e5 7. O-O O-O 8. d4
exd4 9. cxd4 Nc6 10. d5 Nb4 11. Nc3 Nxc2 12. Qxc2 b5 13. Nxb5 Ba6 14. a4 Qb6
15. Nd2 Bxb5 16. axb5 Qxb5 17. Nc4 Qe8 18. Nxd6 Qe5 19. Ra6 Rfd8 20. f4 Qd4+
21. Kh2 Rxd6 22. Rxd6 Nxe4 23. Rd1 Nxd6 24. Rxd4 cxd4 25. Qc6 Rd8 26. Bd2 Bf8
27. Qa4 Rc8 28. Qxa7 Nf5 29. Qa4 Ne3 30. Bxe3 dxe3 31. Kg3 Rb8 32. Qc6 Rxb2 33.
d6 Rd2 34. d7 Be7 35. Qc8+ Kg7 36. Qe8 Bf6 37. Kf3 e2 38. g3 h5 39. g4 hxg4+
40. hxg4 Bh4 41. Qe5+ Kh7 42. Qe8 e1=Q 43. Qxf7+ Kh8 44. Qf8+ Kh7 45. Qf7+
1/2-1/2

[Event "III Trofeo Giorgio Porreca"]
[Site "Napoli ITA"]
[Date "2013.10.10"]
[Round "3"]
[White "Soave, Vittorio"]
[Black "Esposito, Rosario"]
[WhiteElo "1467"]
[BlackElo "1826"]
[Result "1-0"]
[PlyCount "75"]
[EventDate "2013.09.26"]

1. d4 Nf6 2. c4 g6 3. Nf3 Bg7 4. Nc3 d5 5. e3 O-O 6. Bd3 c5 7. O-O Nc6 8. Re1
Bg4 9. Be2 dxc4 10. d5 Bxf3 11. gxf3 Ne5 12. f4 Ned7 13. Bxc4 Nb6 14. Qb3 Nxc4
15. Qxc4 Qa5 16. a3 Rfd8 17. e4 Rac8 18. Be3 Ng4 19. e5 Nxe3 20. Rxe3 a6 21.
Rd1 b5 22. Qe4 b4 23. Nb1 Qb6 24. Nd2 bxa3 25. Nc4 Qb7 26. Rxa3 Bf8 27. e6 f5
28. Qg2 Bg7 29. Rb1 Qxd5 30. Qxd5 Rxd5 31. Nb6 Rdd8 32. Nxc8 Rxc8 33. Rxa6 c4
34. Rb6 Bd4 35. Rb4 Bg7 36. Rc1 c3 37. bxc3 Rxc3 38. Rb8+ 1-0

[Event "III Trofeo Giorgio Porreca"]
[Site "Napoli ITA"]
[Date "2013.10.10"]
[Round "3"]
[White "Solombrino, Giovanni"]
[Black "Baltzopoulos, Giorgos"]
[WhiteElo "1858"]
[BlackElo "1973"]
[Result "1/2-1/2"]
[PlyCount "61"]
[EventDate "2013.09.26"]

1. e4 c5 2. Nf3 d6 3. d4 cxd4 4. Nxd4 Nf6 5. Nc3 a6 6. Bg5 e6 7. f4 Qb6 8. Nb3
Be7 9. Qd2 h6 10. Bxf6 Bxf6 11. O-O-O Be7 12. Qd4 Qxd4 13. Nxd4 Bd7 14. Be2 Nc6
15. Nxc6 Bxc6 16. Bf3 O-O 17. Ne2 Rfd8 18. Nd4 Be8 19. Rhe1 Rac8 20. f5 e5 21.
Ne2 Rc5 22. Nc3 Rdc8 23. Rd5 R5c7 24. Kb1 b5 25. Rd2 Bc6 26. Ree2 Rb7 27. Nd5
Bd8 28. Nb4 a5 29. Nxc6 Rxc6 30. c3 b4 31. cxb4 1/2-1/2

[Event "III Trofeo Giorgio Porreca"]
[Site "Napoli ITA"]
[Date "2013.10.10"]
[Round "3"]
[White "Somma, Andrea"]
[Black "Capozzoli, Silvio"]
[WhiteElo "1852"]
[BlackElo "1744"]
[Result "1-0"]
[PlyCount "103"]
[EventDate "2013.09.26"]

1. e4 g6 2. d4 Bg7 3. Be3 d6 4. Bc4 e6 5. Qd2 h6 6. h4 Ne7 7. h5 g5 8. f4 g4 9.
c3 d5 10. Be2 f5 11. exf5 exf5 12. Bf2 Bf6 13. Bh4 Rf8 14. Qe3 Bxh4+ 15. Rxh4
Rf6 16. Na3 a6 17. Nc2 Qd6 18. O-O-O Re6 19. Qf2 b5 20. Bd3 Rf6 21. Re1 Kf7 22.
Ne2 Be6 23. Ne3 Nd7 24. Ng3 Rg8 25. Rhh1 c5 26. Rhf1 cxd4 27. cxd4 Rc8+ 28. Kb1
Nb6 29. Rc1 Nc4 30. b3 Nxe3 31. Qxe3 Bd7 32. Rxc8 Bxc8 33. Qe5 Qd8 34. Rc1 Re6
35. Qc7 Qxc7 36. Rxc7 Re3 37. Nxf5 Bxf5 38. Bxf5 Rg3 39. Bg6+ Kf6 40. Ra7 Rxg2
41. Rxa6+ Kg7 42. Re6 Nxg6 43. Rxg6+ Kh7 44. a4 bxa4 45. bxa4 g3 46. a5 Rf2 47.
Rxg3 Rxf4 48. a6 Rf7 49. Rg6 Rc7 50. Rb6 Rc4 51. Rb7+ Kg8 52. a7 1-0

[Event "III Trofeo Giorgio Porreca"]
[Site "Napoli ITA"]
[Date "2013.10.10"]
[Round "3"]
[White "Sparice, Lorenzo"]
[Black "Baccelliere, Donato"]
[WhiteElo "1483"]
[BlackElo "1422"]
[Result "1-0"]
[PlyCount "33"]
[EventDate "2013.09.26"]

1. e4 e5 2. Nf3 Nc6 3. d4 exd4 4. Nxd4 Nxd4 5. Qxd4 Nf6 6. e5 Qe7 7. Be2 Qc5 8.
Qxc5 Bxc5 9. exf6 gxf6 10. Nc3 d6 11. Nd5 Kf8 12. Nxc7 Rb8 13. Nd5 f5 14. Bh6+
Ke8 15. Bg7 Rg8 16. Nf6+ Kd8 17. Nxg8 1-0

[Event "III Trofeo Giorgio Porreca"]
[Site "Napoli ITA"]
[Date "2013.10.10"]
[Round "3"]
[White "Zinnai, Graziano Matteo"]
[Black "Taurisano, Vincenzo"]
[WhiteElo "2034"]
[BlackElo "1942"]
[Result "1-0"]
[PlyCount "69"]
[EventDate "2013.09.26"]

1. e4 c6 2. d4 d5 3. Nc3 dxe4 4. Nxe4 Nd7 5. Ng5 Ngf6 6. Bd3 e6 7. Qe2 h6 8.
Nxe6 fxe6 9. Bg6+ Ke7 10. Bd2 Nb6 11. Nf3 Kd7 12. Ne5+ Kc7 13. Nf7 Qxd4 14.
Nxh8 Bd7 15. Nf7 Bd6 16. Nxd6 Qxd6 17. Bc3 Kc8 18. O-O Nbd5 19. Be5 Qb4 20. c4
Ne7 21. Bf7 a5 22. Bxf6 gxf6 23. Bxe6 Bxe6 24. Qxe6+ Kb8 25. Rfe1 Nc8 26. Rad1
Qxb2 27. Rd8 Ka7 28. Rxc8 Rxc8 29. Qxc8 Qxa2 30. Qe6 Qb2 31. Qe3+ Ka6 32. Qd3
a4 33. Rb1 Qe5 34. c5+ Ka5 35. Qc4 1-0

[Event "III Trofeo Giorgio Porreca"]
[Site "Napoli ITA"]
[Date "2013.10.17"]
[Round "4"]
[White "Auletta, Angelo"]
[Black "Solombrino, Giovanni"]
[WhiteElo "2150"]
[BlackElo "1858"]
[Result "1-0"]
[PlyCount "75"]
[EventDate "2013.09.26"]

1. e4 c5 2. Nf3 Nc6 3. d4 cxd4 4. Nxd4 g6 5. Nc3 Bg7 6. Be3 Nf6 7. Bc4 O-O 8.
Bb3 Ng4 9. Qxg4 Nxd4 10. Qd1 Nc6 11. O-O d6 12. Qd2 b6 13. Bh6 Bb7 14. Bxg7
Kxg7 15. Rad1 Rc8 16. f4 Qc7 17. Nd5 Qb8 18. f5 Rcd8 19. Nxe7 f6 20. Nxc6 Bxc6
21. Bd5 Qc8 22. Rf2 g5 23. h4 h6 24. Rf3 Bxd5 25. Qxd5 Rf7 26. Rc3 Rc7 27. Rdd3
Rc5 28. Rxc5 bxc5 29. Rb3 Kf8 30. c4 Rd7 31. hxg5 hxg5 32. a4 Qe8 33. Kf2 Qf7
34. Rb8+ Kg7 35. Qxf7+ Kxf7 36. a5 Re7 37. Kf3 Kg7 38. a6 1-0

[Event "III Trofeo Giorgio Porreca"]
[Site "Napoli ITA"]
[Date "2013.10.17"]
[Round "4"]
[White "Baccelliere, Antonio"]
[Black "Buiano, Fabio"]
[WhiteElo "1607"]
[BlackElo "2024"]
[Result "0-1"]
[PlyCount "52"]
[EventDate "2013.09.26"]

1. e4 c5 2. Nf3 g6 3. d4 cxd4 4. Nxd4 Nc6 5. Be3 Nf6 6. Nc3 Bg7 7. Rb1 O-O 8.
Bb5 Ng4 9. Qxg4 Nxd4 10. Ba4 d5 11. Qd1 dxe4 12. Nxe4 Bf5 13. f3 Qa5+ 14. c3
Rad8 15. Bb3 Bxe4 16. fxe4 Nf5 17. Qe2 Nxe3 18. Qxe3 Bd4 19. Qe2 e6 20. Kf1 Be5
21. g3 Qc5 22. Kg2 b5 23. Qf2 Qxf2+ 24. Kxf2 Rd2+ 25. Ke3 Rfd8 26. Rhd1 R8d3#
0-1

[Event "III Trofeo Giorgio Porreca"]
[Site "Napoli ITA"]
[Date "2013.10.17"]
[Round "4"]
[White "Baccelliere, Donato"]
[Black "Pellegrino, Giovanni"]
[WhiteElo "1422"]
[BlackElo "1416"]
[Result "1-0"]
[PlyCount "41"]
[EventDate "2013.09.26"]

1. e4 a6 2. Nc3 b5 3. a3 Bb7 4. d4 Nf6 5. Bd3 e6 6. Nf3 c5 7. dxc5 Bxc5 8. Be3
Qb6 9. Bxc5 Qxc5 10. h3 b4 11. Na4 Qa5 12. axb4 Qxb4+ 13. c3 Qe7 14. b4 Nxe4
15. Qe2 Nf6 16. Qe3 Nd5 17. Qd4 O-O 18. O-O Qf6 19. Qc5 Rc8 20. Qd4 Qg5 21.
Nxg5 1-0

[Event "III Trofeo Giorgio Porreca"]
[Site "Napoli ITA"]
[Date "2013.10.17"]
[Round "4"]
[White "Baltzopoulos, Giorgos"]
[Black "Parise, Mariano"]
[WhiteElo "1973"]
[BlackElo "1641"]
[Result "1-0"]
[PlyCount "99"]
[EventDate "2013.09.26"]

1. e4 b6 2. d4 Bb7 3. Bd3 Nf6 4. Nd2 e6 5. Ngf3 d6 6. O-O Nbd7 7. Re1 Be7 8. b4
c6 9. Rb1 O-O 10. c4 h6 11. Nf1 e5 12. d5 c5 13. a3 Re8 14. Ng3 Bf8 15. Nf5
cxb4 16. axb4 a5 17. Bd2 axb4 18. Bxb4 Qc7 19. Qb3 g6 20. Ne3 Reb8 21. Qc2 Ra7
22. Nd2 Rba8 23. Rb2 Ra1 24. Reb1 Rxb1+ 25. Qxb1 Bc8 26. h3 Nc5 27. Bc2 Nh5 28.
Bc3 Nf4 29. Kf1 Rb8 30. Bb4 Nd7 31. Ra2 Nf6 32. Nd1 N6h5 33. Nc3 Qe7 34. Nf3
Qf6 35. Bd1 g5 36. Nb5 g4 37. hxg4 Bxg4 38. Qb3 Be7 39. Ra7 Bxf3 40. Bxf3 Qh4
41. g3 Qh3+ 42. Ke1 Nxg3 43. fxg3 Qxg3+ 44. Kd1 Bh4 45. Nxd6 Qg1+ 46. Kc2 Qf2+
47. Kb1 Qf1+ 48. Qd1 Qf2 49. Nf5 Bg5 50. Ra2 1-0

[Event "III Trofeo Giorgio Porreca"]
[Site "Napoli ITA"]
[Date "2013.10.17"]
[Round "4"]
[White "Buonanno, Raffaele"]
[Black "Pellegrino, Carlo"]
[WhiteElo "1455"]
[BlackElo "1446"]
[Result "0-1"]
[PlyCount "82"]
[EventDate "2013.09.26"]

1. d4 d6 2. c4 Nf6 3. Nc3 c6 4. e4 Bg4 5. f3 Bh5 6. Bd3 e5 7. d5 a6 8. a4 Nbd7
9. Be3 Nc5 10. Bxc5 dxc5 11. Qb3 Rb8 12. Nge2 Bd6 13. O-O O-O 14. Rfd1 Qd7 15.
a5 Kh8 16. Na4 Qe7 17. Nc1 Rg8 18. Qb6 Nd7 19. Qb3 g5 20. Be2 g4 21. Qe3 gxf3
22. Bxf3 Bxf3 23. Qxf3 Qg5 24. g3 f6 25. Ra3 Rbf8 26. Re3 f5 27. exf5 Rxf5 28.
Qe4 Rf4 29. Qd3 Nf6 30. Ne2 e4 31. Qd2 Rh4 32. dxc6 bxc6 33. Qc3 Be5 34. Qb3
Qg4 35. Kf1 Qh3+ 36. Ke1 Rhg4 37. Nxc5 Qxh2 38. Nxa6 Bxg3+ 39. Nxg3 Rxg3 40.
Rxg3 Rxg3 41. Nc5 Rg1# 0-1

[Event "III Trofeo Giorgio Porreca"]
[Site "Napoli ITA"]
[Date "2013.10.17"]
[Round "4"]
[White "Capozzoli, Silvio"]
[Black "Gallo, Thomas Renato"]
[WhiteElo "1744"]
[BlackElo "1911"]
[Result "0-1"]
[PlyCount "112"]
[EventDate "2013.09.26"]

1. e4 Nf6 2. Nc3 d5 3. exd5 Nxd5 4. d4 Nc6 5. Nf3 a6 6. a3 Bg4 7. Be2 e6 8. Ne4
Bf5 9. Ng3 Bg6 10. c4 Nb6 11. O-O Be7 12. Be3 Bf6 13. b4 O-O 14. b5 axb5 15.
cxb5 Ne7 16. Qb3 Qd5 17. Qc3 Rfc8 18. Rfc1 c5 19. Qd2 c4 20. Ne5 Qxb5 21. Nxg6
hxg6 22. Ne4 Nbd5 23. Nd6 Qa4 24. Nxc8 Rxc8 25. Qc2 Qxc2 26. Rxc2 c3 27. Rb1
Rc7 28. Bd3 Nc6 29. Be4 Nxd4 30. Bxd4 Bxd4 31. Bxd5 exd5 32. Rd1 Rc4 33. Kf1
Bc5 34. Rxd5 Bxa3 35. Rb5 Rc7 36. Ke2 Be7 37. f4 f5 38. h3 Kf7 39. g4 fxg4 40.
hxg4 Bh4 41. Rc1 Bf6 42. g5 Bd4 43. Rb3 Re7+ 44. Kf3 b6 45. Rc2 Re3+ 46. Kg4
Ke6 47. Rb4 Kd5 48. Ra4 Ke4 49. Ra7 Kd3 50. Rc1 Kd2 51. Rh1 Kc2 52. Rd7 Rd3 53.
Rc7 Kb2 54. Re1 c2 55. f5 gxf5+ 56. Kxf5 56... Be3 {...} 0-1

[Event "III Trofeo Giorgio Porreca"]
[Site "Napoli ITA"]
[Date "2013.10.17"]
[Round "4"]
[White "Esposito, Rosario"]
[Black "Radice, Mario"]
[WhiteElo "1826"]
[BlackElo "1911"]
[Result "0-1"]
[PlyCount "56"]
[EventDate "2013.09.26"]

1. d4 Nf6 2. c4 g6 3. Nc3 d5 4. Bf4 Bg7 5. e3 c5 6. dxc5 Qa5 7. Rc1 dxc4 8.
Bxc4 O-O 9. Nge2 Nbd7 10. O-O Nxc5 11. Nb5 Ne6 12. Nc7 Nxf4 13. Nxf4 Rb8 14.
Qb3 e6 15. Nb5 a6 16. Nc3 b5 17. Rfd1 Bd7 18. Bd3 b4 19. Ne4 Ba4 20. Qc4 Bxd1
21. Nxe6 fxe6 22. Qxe6+ Kh8 23. Rxd1 Rfe8 24. Qc6 Rbc8 25. Qb7 Rc7 26. Qxa6
Qxa6 27. Bxa6 Nxe4 28. Bb5 Rec8 0-1

[Event "III Trofeo Giorgio Porreca"]
[Site "Napoli ITA"]
[Date "2013.10.17"]
[Round "4"]
[White "Franzese, Luigi"]
[Black "Esposito, Pino"]
[WhiteElo "1872"]
[BlackElo "1768"]
[Result "1-0"]
[PlyCount "41"]
[EventDate "2013.09.26"]

1. e4 c5 2. d3 Nc6 3. f4 d6 4. Nf3 Bg4 5. Nbd2 g6 6. c3 Bg7 7. h3 Bd7 8. g3 Nf6
9. Qe2 b5 10. Bg2 Rb8 11. e5 Nh5 12. Nf1 dxe5 13. fxe5 Bf5 14. d4 cxd4 15. g4
d3 16. Qe3 d2+ 17. Bxd2 Bc2 18. gxh5 gxh5 19. Ng3 Bh6 20. Qxh6 Rg8 21. Qxc6+
1-0

[Event "III Trofeo Giorgio Porreca"]
[Site "Napoli ITA"]
[Date "2013.10.17"]
[Round "4"]
[White "Freda, Guido"]
[Black "Seletsky, Grigory"]
[WhiteElo "1416"]
[BlackElo "2304"]
[Result "0-1"]
[PlyCount "59"]
[EventDate "2013.09.26"]

1. d4 Nf6 2. c4 g6 3. Bg5 Bg7 4. e3 c5 5. Bxf6 Bxf6 6. Nf3 Qb6 7. Qc2 cxd4 8.
Nxd4 Bxd4 9. exd4 Qxd4 10. Be2 Nc6 11. a3 d5 12. O-O dxc4 13. Rd1 Qe5 14. Bxc4
O-O 15. Nc3 Bf5 16. Qb3 Na5 17. Qb4 Nxc4 18. Qxc4 Rfc8 19. Qb4 a5 20. Qxb7 Rab8
21. Qa6 Rxb2 22. Nd5 Rcc2 23. Ne3 Rxf2 24. Qa8+ Kg7 25. Nxf5+ Qxf5 26. Rf1
Rxf1+ 27. Rxf1 Rb1 28. Qf3 Rxf1+ 29. Qxf1 Qxf1+ 30. Kxf1 0-1

[Event "III Trofeo Giorgio Porreca"]
[Site "Napoli ITA"]
[Date "2013.10.17"]
[Round "4"]
[White "Greco, Aniello"]
[Black "Angelotti, Mario"]
[WhiteElo "1572"]
[BlackElo "1746"]
[Result "1-0"]
[PlyCount "81"]
[EventDate "2013.09.26"]

1. e4 e6 2. Qe2 b6 3. Nf3 Ba6 4. d3 Bc5 5. g3 Ne7 6. Bg2 Nbc6 7. c3 Ng6 8. O-O
Nge5 9. Ne1 h5 10. b4 Be7 11. a4 Bxb4 12. cxb4 Nxb4 13. Qb2 Nbc6 14. f4 Ng6 15.
Qxg7 Nce7 16. f5 Rg8 17. Qf6 Nh8 18. Bb2 Rf8 19. Qh6 Ng8 20. Qxh8 f6 21. Qxh5+
Rf7 22. fxe6 dxe6 23. e5 Rb8 24. Bc6+ Kf8 25. Ba3+ Kg7 26. exf6+ Nxf6 27. Qg5+
Kh7 28. Rf4 Rg7 29. Qh4+ Kg6 30. Bb2 Nh5 31. Qxd8 Rxd8 32. Rg4+ Kf7 33. Bxg7
Nxg7 34. Be4 Nf5 35. Nc3 c6 36. Rf4 Kg6 37. h4 Kg7 38. Bxf5 exf5 39. Rxf5 Bxd3
40. Rg5+ Kf6 41. Rd1 1-0

[Event "III Trofeo Giorgio Porreca"]
[Site "Napoli ITA"]
[Date "2013.10.17"]
[Round "4"]
[White "Lettieri, Giuseppe"]
[Black "Messina, Enrico"]
[WhiteElo "2395"]
[BlackElo "2216"]
[Result "1-0"]
[PlyCount "93"]
[EventDate "2013.09.26"]

1. Nf3 d6 2. d4 Nf6 3. Nc3 Nbd7 4. e4 e5 5. Bc4 Be7 6. O-O O-O 7. Re1 c6 8. a4
a5 9. h3 Nb6 10. Ba2 Nfd7 11. Be3 exd4 12. Qxd4 Nc5 13. Rad1 Be6 14. Bxe6 fxe6
15. e5 d5 16. Qg4 Qe8 17. b3 Nbd7 18. h4 Rf5 19. Bf4 Qg6 20. Qxg6 hxg6 21. g3
Raf8 22. Ne2 Nb8 23. Kg2 Nba6 24. Nfd4 Rh5 25. Rh1 Nc7 26. Bd2 Ne4 27. Nf4 Rxe5
28. Bxa5 Bd6 29. Rhf1 Rf6 30. Nd3 Rh5 31. f4 Ne8 32. Bd8 Kf7 33. Bxf6 gxf6 34.
Nf2 f5 35. Nh3 N8f6 36. Nf2 e5 37. fxe5 Bxe5 38. Ne2 Nxf2 39. Rxf2 Ng4 40. Rf3
Kg7 41. c4 Nf6 42. Re3 Bd6 43. Re6 Ne4 44. cxd5 Kf7 45. Rxe4 fxe4 46. dxc6 Bb8
47. Rd8 1-0

[Event "III Trofeo Giorgio Porreca"]
[Site "Napoli ITA"]
[Date "2013.10.17"]
[Round "4"]
[White "Miccoli, Livio"]
[Black "Cocchia, Umberto"]
[WhiteElo "1610"]
[BlackElo "1859"]
[Result "1-0"]
[PlyCount "133"]
[EventDate "2013.09.26"]

1. e4 d5 2. exd5 Nf6 3. Nf3 Nxd5 4. Bc4 Nc6 5. d4 Bf5 6. O-O e6 7. Re1 Be7 8.
Nc3 Ndb4 9. Ne4 O-O 10. c3 Nd5 11. Ng3 Bg6 12. Ne5 Nxe5 13. dxe5 Nb6 14. Bb3
Qxd1 15. Rxd1 a5 16. a4 Rfd8 17. Bd2 Nd7 18. f4 Nc5 19. Bc4 Bc2 20. Ne2 Bxd1
21. Rxd1 Ne4 22. Nd4 Nxd2 23. Rxd2 c5 24. Nf3 Rxd2 25. Nxd2 Rd8 26. Ne4 Kf8 27.
Kf2 f5 28. exf6 Bxf6 29. Bxe6 Ke7 30. Bb3 b6 31. Ke2 Kd7 32. Bc4 Kc7 33. Bd3
Re8 34. Kf3 Be7 35. Bb5 Rf8 36. g4 Bd6 37. f5 h6 38. h3 g6 39. Nxd6 Kxd6 40.
Bd3 Ke5 41. Ke3 gxf5 42. Bxf5 h5 43. b3 hxg4 44. hxg4 Rh8 45. Kd3 Rd8+ 46. Kc4
Rd6 47. Kb5 Rh6 48. Bd7 Kd6 49. g5 Rg6 50. Be8 Rxg5 51. Kxb6 Rg3 52. Kxa5 Rxc3
53. Bf7 Kc6 54. Ka6 Re3 55. Bc4 Re7 56. Bb5+ Kc7 57. Bc4 Rd7 58. Kb5 Kd6 59.
Kb6 Rg7 60. a5 Rc7 61. Bb5 Rc8 62. Kb7 Rc7+ 63. Kb8 Rf7 64. a6 Rf8+ 65. Kb7
Rf7+ 66. Kb6 Kd5 67. Bc4+ 1-0

[Event "III Trofeo Giorgio Porreca"]
[Site "Napoli ITA"]
[Date "2013.10.17"]
[Round "4"]
[White "Somma, Andrea"]
[Black "Zinnai, Graziano Matteo"]
[WhiteElo "1852"]
[BlackElo "2034"]
[Result "0-1"]
[PlyCount "54"]
[EventDate "2013.09.26"]

1. e4 e6 2. d3 d5 3. Nd2 Nf6 4. Ngf3 c5 5. g3 g6 6. Bg2 Bg7 7. O-O O-O 8. c3
Nc6 9. Qc2 b5 10. Re1 Nd7 11. d4 c4 12. e5 b4 13. Nf1 Rb8 14. Bf4 Qa5 15. Qd2
Nb6 16. Bh6 Na4 17. Qf4 f6 18. Qh4 Nxb2 19. Bxg7 Kxg7 20. exf6+ Rxf6 21. Ng5 h6
22. Nh3 Nd3 23. Re3 bxc3 24. Rf3 Rxf3 25. Bxf3 Qd8 26. Qxd8 Nxd8 27. Ne3 Nc6
0-1